00786nam a2200193 i 450000100060000000300090000600500170001500700030003200800410003510000340007624502130011026000350032330000220035865000340038070000210041485200200043599900170045595201200047231367ES-MaACL20250808012148.0t|030129s1956 sp ||||1| spa d1 aBaudouin, Louis Marie.92653210aCartas del venerable Luis María Baudouin, fundador de los Hijos de María Inmaculada y de las Ursulinas de Jesús. n1, pCartas sobre la vida religiosa / cLouis Marie Baudouin ; publicadas por A. Duret. aPamplona : bAramburu, c1956. a296 p. ; c20 cm. 7aVida religiosa2embne91549461 aDuret, A.946289 aES-MaACLjP-833 c31367d31367 00104070aATENEOMbATENEOMcDEPO2d2008-01-17eSCl0oP-833p1032415r2023-02-23 00:00:00w2023-02-23yMONOGRAFIA